| 000 | 00931nam a2200277Ia 4500 | ||
|---|---|---|---|
| 003 | OSt | ||
| 005 | 20221005103245.0 | ||
| 006 | a|||||r|||| 00| 0 | ||
| 007 | ta | ||
| 008 | 221004b |||||||| |||| 00| 0 hin d | ||
| 020 | _cIndian Rupees 100 | ||
| 024 | _a38882 | ||
| 037 |
_bGift, 29/08/2018, _cTextual |
||
| 040 |
_aCRL _cCRL _bhin |
||
| 041 |
_2hin _ahin |
||
| 082 | _aO152,1x, P9 | ||
| 100 | _aबच्छावत, मानिक, ले. | ||
| 245 | 0 | _aपेड़ों का समय | |
| 246 | _aPeड़oan kā samaya | ||
| 260 |
_aकोलकाता _bसमकालीन सृजन भारत _c2009 |
||
| 300 |
_a96पृ0 _ccm. |
||
| 650 | _a हिन्दी साहित्य | ||
| 650 | _aहिन्दी कविता | ||
| 942 |
_hO152,1x, P9 _cTEXL _2cc |
||
| 999 |
_c1009712 _d1009712 |
||